GARFIELD CHARACTERS QUIZ - Statistics

General Stats
  • This quiz has been taken 483 times
  • The average score is 6 of 15
Answer Stats
Hint Answer % Correct
Main character Garfield
98%
Main Character's Owner Jon
84%
Annoying gray cat Nermal
80%
Name starts with "O" Odie
80%
Doctor in a relationship with owner Liz
62%
Main character's fave toy Pooky
52%
Girl Cat Arlene
46%
Owner's brother Doc Boy
34%
Recurring Mouse Squeak
31%
His second niece Minerva
21%
His first Niece Drusilla
13%
Owner's Aunt Ivy
12%
Mailman Herman E. Post
8%
Second Nieghbor Reba
5%
First Nieghbor Hubert
4%
No matching quizzes found
Score Distribution
Percent of People with Each Score
Percentile by Number Answered
Your Score History
You have not taken this quiz